Podnikanie v podmienkach globalizácie z hľadiska efektívnosti verejných ekonomík

Spojitosť transformačných zmien v súkromnom sektore so zmenami vo verejnom sektore. Súvislosť medzi kvalitou dodávanej verejnej služby a výkonom národnej ekonomiky. Hlavné oblasti závislosti súkromného sektora na verejnom sektore. Naopak podnikateľská sféra svojím aktívnejším vstupom do procesu vere...

Full description

Saved in:
Bibliographic Details
Main Author: Staneková, Eva
Format: Book Chapter
Language:Slovak
Subjects:
Tags: Add Tag
No Tags, Be the first to tag this record!

MARC

LEADER 00000naa$a2200000$$$4500
001 0023076
005 20240502071416.5
041 0 |a slo 
044 |a SK 
245 1 0 |a Podnikanie v podmienkach globalizácie z hľadiska efektívnosti verejných ekonomík  |c Eva Staneková 
520 |a Spojitosť transformačných zmien v súkromnom sektore so zmenami vo verejnom sektore. Súvislosť medzi kvalitou dodávanej verejnej služby a výkonom národnej ekonomiky. Hlavné oblasti závislosti súkromného sektora na verejnom sektore. Naopak podnikateľská sféra svojím aktívnejším vstupom do procesu verejnej voľby a verejnej kontroly spolurozhoduje o tom, kde sú verejné financie vkladané a ako sú využívané - pomohla by preferovať alokáciu prostriedkov do tých blokov verejného sektora, na rozvoji ktorých je fungovanie súkromného sektora najviac závislé /veda a technika, školstvo, zdravotníctvo/. 
610 2 0 |a sektor súkromný 
610 2 0 |a sektor verejný 
610 2 0 |a reformy 
610 2 0 |a globalizácia 
610 2 0 |a efektívnosť 
610 2 0 |a konkurencieschopnosť 
610 2 0 |a výdavky verejné 
100 1 |a Staneková, Eva